[Event "DEN-ch Seniors 50+"]
[Site "Koge"]
[Date "2016.02.24"]
[Round "4"]
[White "Hansen, Max"]
[Black "Hartung Nielsen, Jens"]
[Result "1/2-1/2"]
[WhiteElo "2011"]
[BlackElo "2197"]
[PlyCount "51"]
[EventDate "2016.02.21"]
[EventType "swiss"]
[EventRounds "7"]
[EventCountry "DEN"]
[SourceTitle "EXT 2018"]
[Source "ChessBase"]
[SourceDate "2017.10.13"]
[SourceVersion "1"]
[SourceVersionDate "2017.10.13"]
[SourceQuality "1"]

1. d4 d5 2. Nf3 c5 3. e3 Nf6 4. c3 e6 5. Bd3 Nc6 6. Nbd2 Qc7 7. 0-0 Be7 8. dxc5 Bxc5 9. e4 0-0 10. exd5 exd5 11. Nb3 Bd6 12. Bc2 h6 13. h3 a6 14. Re1 Bd7 15. Nbd4 Ne7 16. Nh4 Rfe8 17. Be3 Bh2+ 18. Kh1 Bf4 19. Qf3 Bxe3 20. Rxe3 Nc6 21. Nxc6 bxc6 22. Rae1 Rxe3 23. Rxe3 Qb6 24. b3 Qc5 25. Nf5 Bxf5 26. Qxf5 1/2-1/2

[Event "Politiken Cup 37th"]
[Site "Helsingor"]
[Date "2015.07.25"]
[Round "1"]
[White "Vestjord, Harald Christian"]
[Black "Hansen, Max"]
[Result "0-1"]
[WhiteElo "1473"]
[BlackElo "2025"]
[PlyCount "78"]
[EventDate "2015.07.25"]
[EventType "swiss"]
[EventRounds "10"]
[EventCountry "DEN"]
[SourceTitle "CBM 167 Extra"]
[Source "ChessBase"]
[SourceDate "2015.09.14"]
[SourceVersion "1"]
[SourceVersionDate "2015.09.14"]
[SourceQuality "1"]

1. d4 Nf6 2. c4 c5 3. d5 e5 4. Nc3 d6 5. e4 Be7 6. Bd3 Nbd7 7. Nge2 0-0 8. 0-0 Ne8 9. Ng3 Bg5 10. Qc2 a6 11. Bxg5 Qxg5 12. Nd1 Rb8 13. a4 g6 14. Ne3 h5 15. Ne2 Ng7 16. g3 h4 17. Ng2 hxg3 18. Nxg3 Nf6 19. h4 Qg4 20. Be2 Qh3 21. Qd3 Bg4 22. Ne3 Bxe2 23. Qxe2 Qxh4 24. Ng2 Qh3 25. Ne3 Ngh5 26. Qf3 Nf4 27. Qh1 Kg7 28. Qxh3 Nxh3+ 29. Kh2 Nf4 30. Ng2 Rh8+ 31. Kg1 Nh3+ 32. Kh2 Nxf2+ 33. Kg1 N2xe4 34. Nxe4 Nxe4 35. Rfe1 f5 36. Kf1 Nd2+ 37. Kf2 Nxc4 38. b3 Nd2 39. Re3 Ne4+ 0-1

[Event "North Sea Cup 19th"]
[Site "Esbjerg"]
[Date "2004.07.04"]
[Round "2"]
[White "Hansen, Max"]
[Black "Christensen, Svend Ellegaard"]
[Result "0-1"]
[WhiteElo "1986"]
[BlackElo "2182"]
[PlyCount "92"]
[EventDate "2004.07.03"]
[EventType "swiss"]
[EventRounds "9"]
[EventCountry "DEN"]
[SourceTitle "CBM 101 Extra"]
[Source "ChessBase"]
[SourceDate "2004.09.01"]
[SourceVersion "2"]
[SourceVersionDate "2004.09.01"]
[SourceQuality "1"]

1. d4 d5 2. Nc3 Nf6 3. Bg5 e6 4. e4 Be7 5. Bxf6 Bxf6 6. e5 Be7 7. Qg4 0-0 8. Nf3 f5 9. exf6 Bxf6 10. Qg3 Nc6 11. 0-0-0 Ne7 12. Bd3 Nf5 13. Bxf5 exf5 14. Rhe1 c6 15. Ne5 Bh4 16. Qf3 Bf6 17. Re2 Bxe5 18. Rxe5 Bd7 19. Rde1 Qg5+ 20. Kb1 Rae8 21. g3 Rxe5 22. Rxe5 Re8 23. Nxd5 Rxe5 24. dxe5 Qd2 25. Ne3 Be6 26. b3 g6 27. h4 Qd4 28. Qf4 Qxf4 29. gxf4 Kf7 30. c4 b6 31. Kc2 h6 32. Kc3 Ke7 33. b4 Kd7 34. Kd4 a6 35. a3 Kc7 36. Nd1 Kb7 37. Nc3 a5 38. b5 c5+ 39. Ke3 Kc7 40. Nd5+ Kb7 41. a4 Bf7 42. Ne7 Kc7 43. h5 gxh5 44. Nd5+ Bxd5 45. cxd5 h4 46. e6 Kd6 0-1

[Event "North Sea Cup 19th"]
[Site "Esbjerg"]
[Date "2004.07.03"]
[Round "1"]
[White "Fedorchuk, Sergey A"]
[Black "Hansen, Max"]
[Result "1-0"]
[WhiteElo "2569"]
[BlackElo "1986"]
[PlyCount "69"]
[EventDate "2004.07.03"]
[EventType "swiss"]
[EventRounds "9"]
[EventCountry "DEN"]
[SourceTitle "CBM 101 Extra"]
[Source "ChessBase"]
[SourceDate "2004.09.01"]
[SourceVersion "2"]
[SourceVersionDate "2004.09.01"]
[SourceQuality "1"]

1. e4 e5 2. Nf3 Nf6 3. Nxe5 d6 4. Nf3 Nxe4 5. Nc3 Nxc3 6. dxc3 Be7 7. Bf4 0-0 8. Qd2 Bf5 9. Nd4 Bg6 10. 0-0-0 Nc6 11. f3 Nxd4 12. cxd4 Qd7 13. h4 h5 14. g4 Qa4 15. Kb1 Rfd8 16. Bg5 f6 17. Be3 c5 18. gxh5 Bxh5 19. Qg2 Bf7 20. b3 Qe8 21. Bd3 Bh5 22. Bh6 Bf8 23. Rhg1 Qe7 24. Rde1 Qc7 25. Re6 Qf7 26. d5 Kh8 27. Bc1 Re8 28. Qh3 Rxe6 29. dxe6 Qg8 30. Bb2 Be7 31. f4 a6 32. Rg5 fxg5 33. hxg5 Qe8 34. g6 Bf6 35. e7 1-0